Statistiche per Monarchi per Nazione

Clicka qui per fare il quiz!

Statistiche generali

  • Questo quiz è stato fatto 22 volte
  • Il punteggio medio è 8 su 10

Statistiche sulle risposte

Monarca Stato % Corretto
Juan Carlos ISpagna
100%
Vittorio Emanuele IIItalia
100%
Nicola IIRussia
95%
VittoriaRegno Unito
95%
Francesco Giuseppe IAustria/Ungheria
90%
BaldovinoBelgio
85%
Costantino IIGrecia
75%
Guglielmo IIGermania
75%
Ranieri IIIMonaco
75%
Boris IIIBulgaria
45%

Distribuzione punteggi

Percentile per numero di risposta

Percentuale di utenti per punteggio

I tuoi punteggi nel tempo

Non hai fatto questo quiz